000 01759nam a2200529 i 4500
001 15433
003 KOSZ 005
005 20240405063024.0
008 200415s1971 pl a g 000 0 pol
015 _aUWD 1971/7904
035 _a991037874019705066
035 _a(PL-WaBN)b20149694-48omnis_nlop
035 _ab20149694
035 _a(OCoLC)830906180
035 _a(PL)b0000002014969
035 _a(EXLNZ-48OMNIS_NETWORK)9910048811605606
040 _aWA N
_cWA N
_dKOSZ 005/RW
045 _bd1944
_bd1949
046 _k1971
080 _a94(438).083
080 _a32
100 1 _aKołomejczyk, Norbert
_d(1930-1994)
_eAutor
245 1 0 _aPolska w latach 1944-1949 :
_bzarys historii politycznej /
_cNorbert Kołomejczyk, Bronisław Syzdek.
250 _aWydanie 2.
260 _aWarszawa :
_bPaństwowe Zakłady Wydawnictw Szkolnych,
_c1971.
300 _a331, [1] stron :
_bilustracje ;
_c22 cm.
336 _aTekst
_btxt
_2rdacontent
337 _aBez urządzenia pośredniczącego
_bn
_2rdamedia
338 _aWolumin
_bnc
_2rdacarrier
380 _aKsiążki
380 _aPublikacje dydaktyczne
388 _a1901-2000
388 _a1945-1989
504 _aBibliografia na stronach 313-[314].
648 7 _a1901-2000
_2DBN
648 7 _a1945-1989
_2DBN
650 7 _aPolityka
650 7 _aStalinizm
651 7 _aPolska
_2DBN
655 7 _aPodręcznik
658 _aHistoria
700 1 _aSyzdek, Bronisław
_d(1922-2001)
_eAutor
710 2 _aPaństwowe Zakłady Wydawnictw Szkolnych
_4pbl
856 _uhttp://koha.tu.koszalin.pl/cgi-bin/koha/opac-detail.pl?biblionumber=15433
_yKatalog online BPK
942 _2UKD
_cKS
999 _c15433
_d15433